000 00302cam a2200121ua 4500
082 _a420.09
_bBAU/HI
100 _aBaugh, Albert C .
_91671
245 _aHistory of the Engish Language /
250 _a1 /
260 _aMumbai :
_bAllied Publishers Pvt Ltd ,
_c1970.
300 _a506 ; .
942 _cBK
999 _c4041
_d4041